000
00232nam a2200097Ia 4500
008
120527s9999 xx 000 0 und d
100
_a
SMALLEY,Gill. Etal
245
_a
Cinema for Spanish Conversation
260
_b
Focus
942
_c
BK
999
_c
25440
_d
25440